000 00599nam a2200253 a 4500
001 nice12345678
003 IN_TiNIC
005 20260116013918.0
008 050524s1953 lona grp 000 0 eng
020 _a
_c73.5
082 0 0 _a233
_bPHI
100 _aPhillips, J B
245 _aMaking Men Whole
260 _aLondon
_bMacmillan and Co.
_c1953
300 _a75p
500 _aincludes index and biblioraphy
505 2 _aIndex
650 _aMan-Christian Theology
650 _aTheology-Doctrinal
700 1 _aPhillips, J B
902 _bSRS
942 _cBK
999 _c13071
_d13071